[Event "Robinson"]
[Site "?"]
[Date "2019.07.23"]
[Round "3.15"]
[White "Yoon, Jacob D"]
[Black "Kutchoukov, Daniel"]
[Result "1-0"]
[WhiteElo "1963"]
[BlackElo "1845"]
[PlyCount "86"]
[EventDate "2019.??.??"]

1. e4 c6 2. d4 d5 3. Nc3 dxe4 4. Nxe4 Nf6 5. Nxf6+ exf6 6. c3 Bd6 7. Bd3 O-O 8.
Qc2 Re8+ 9. Ne2 h5 10. Be3 Nd7 11. Ng3 Nb6 12. O-O-O Nd5 13. Bd2 Nf4 14. Bxf4
Bxf4+ 15. Kb1 Qa5 16. Ne4 Be6 17. c4 Rad8 18. g3 Bb8 19. Nd2 b5 20. Rhe1 Bd6
21. Nb3 Qa4 22. d5 cxd5 23. cxd5 Bg4 24. Qc6 Rxe1 25. Rxe1 Qb4 26. Re8+ Rxe8
27. Qxe8+ Bf8 28. Qe3 a6 29. a3 Qe7 30. Qd4 Qe5 31. f4 Qxd4 32. Nxd4 Bd7 33.
Bf5 Bc5 34. Bxd7 Bxd4 35. b4 Bc3 36. Kc2 Bd4 37. Bc8 a5 38. bxa5 Kf8 39. Kb3
Bc5 40. Bd7 Ke7 41. Bxb5 Kd6 42. Bc6 Bg1 43. a6 Kc5 1-0

[Event "Robinson"]
[Site "?"]
[Date "2019.07.23"]
[Round "3.16"]
[White "Yeh, Timo"]
[Black "See, Tristian"]
[Result "1/2-1/2"]
[WhiteElo "1882"]
[BlackElo "1957"]
[PlyCount "125"]
[EventDate "2019.??.??"]

1. c4 e5 2. Nc3 Nc6 3. Nf3 Nf6 4. d3 Bb4 5. Bd2 d6 6. a3 Bc5 7. g3 a5 8. Bg2
O-O 9. O-O Bd7 10. Ne1 Qc8 11. Nc2 Bh3 12. e4 Nd4 13. Nxd4 Bxd4 14. Bg5 Bxg2
15. Kxg2 Bxc3 16. bxc3 Nd7 17. d4 f6 18. Be3 f5 19. dxe5 Nxe5 20. Qd5+ Kh8 21.
c5 f4 22. Bxf4 Rxf4 23. gxf4 Qg4+ 24. Kh1 Qf3+ 25. Kg1 Qxf4 26. f3 Rf8 27. Qd1
Qe3+ 28. Kg2 Qxc5 29. Qd4 Qc6 30. Rf2 Qd7 31. Rb1 b6 32. Rbf1 Ng6 33. Kh1 Nf4
34. e5 d5 35. c4 c5 36. Qb2 Qb7 37. cxd5 Nxd5 38. Qd2 Nf4 39. Qd6 Re8 40. e6
Ng6 41. Qd7 Qa8 42. Rg1 c4 43. Rg3 Rd8 44. Qc7 Rc8 45. Qxb6 c3 46. Rc2 Rc6 47.
Qd4 Rxe6 48. Qxc3 Re8 49. Qc6 Qb8 50. Rg4 Ne5 51. Qc7 Nxg4 52. Qxb8 Rxb8 53.
fxg4 h5 54. Rc5 hxg4 55. Rxa5 Rb2 56. a4 Ra2 57. Ra8+ Kh7 58. a5 Kg6 59. a6 Kg5
60. Kg1 g3 61. hxg3 Kg4 62. Rg8 g5 63. Rg6 1/2-1/2

[Event "Robinson"]
[Site "?"]
[Date "2019.07.23"]
[Round "3.17"]
[White "Bowcott-Terry, Finlay"]
[Black "Boghossian, Wahe"]
[Result "1-0"]
[WhiteElo "1888"]
[BlackElo "1732"]
[PlyCount "121"]
[EventDate "2019.??.??"]

1. e4 c5 2. Nf3 d6 3. d4 cxd4 4. Qxd4 Nc6 5. Bb5 Bd7 6. Bxc6 bxc6 7. c4 Qb6 8.
Qd3 Nf6 9. Nc3 g6 10. O-O Bg7 11. Be3 Qc7 12. Bd4 O-O 13. Rad1 Bg4 14. h3 Bxf3
15. Qxf3 Rab8 16. b3 Qa5 17. Na4 Nd7 18. Bxg7 Kxg7 19. Qc3+ Qxc3 20. Nxc3 f5
21. f4 fxe4 22. Nxe4 h6 23. g3 a5 24. Rfe1 Kf7 25. Re3 Rfe8 26. Rde1 Nf6 27.
Nxf6 Kxf6 28. Re6+ Kf7 29. g4 Rb4 30. f5 gxf5 31. gxf5 h5 32. f6 a4 33. fxe7
axb3 34. axb3 Rxb3 35. Rh6 Rg3+ 36. Kh2 Rg6 37. Rxh5 Rg7 38. Rf5+ Kg8 39. Rf6
Rexe7 40. Rxe7 Rxe7 41. Rxd6 c5 42. Rd5 Rc7 43. Kg3 Kg7 44. Kf4 Kf6 45. Rd6+
Ke7 46. Ke5 Rc8 47. Ra6 Rd8 48. Ra7+ Ke8 49. Ke6 Kf8 50. Rd7 Re8+ 51. Kd6 Re4
52. Kxc5 Rh4 53. Rd3 Ke7 54. Kb5 Rh8 55. c5 Rb8+ 56. Kc6 Rc8+ 57. Kb6 Rb8+ 58.
Kc7 Rh8 59. Re3+ Kf6 60. c6 Rh7+ 61. Kc8 1-0

[Event "Robinson"]
[Site "?"]
[Date "2019.07.23"]
[Round "3.18"]
[White "Catalan, Ciro"]
[Black "Tombolis, Christopher"]
[Result "0-1"]
[WhiteElo "1519"]
[BlackElo "1883"]
[PlyCount "82"]
[EventDate "2019.??.??"]

1. d4 d5 2. c4 e6 3. Nf3 Nf6 4. g3 Be7 5. Bg2 O-O 6. O-O dxc4 7. Ne5 Nc6 8.
Nxc6 bxc6 9. Na3 Bxa3 10. bxa3 Rb8 11. a4 Qe7 12. Qc2 Ba6 13. Qc3 Rfd8 14. Ba3
Qd7 15. Qa5 Qc8 16. Rfb1 Rxb1+ 17. Rxb1 Nd5 18. Bc5 c3 19. e4 Bd3 20. Rc1 Nf6
21. f3 c2 22. Bf1 Bxf1 23. Kxf1 e5 24. Qxa7 exd4 25. Rxc2 d3 26. Rd2 Qh3+ 27.
Ke1 Qd7 28. Qa6 h5 29. Qc4 Nh7 30. a5 Ng5 31. Rf2 Rb8 32. Qc1 Ne6 33. Be3 c5
34. Rd2 Nd4 35. Bxd4 Qxd4 36. Kf1 c4 37. Qd1 Rd8 38. a6 c3 39. Rg2 c2 40. Rxc2
dxc2 41. Qxc2 Qd3+ 0-1

[Event "Robinson"]
[Site "?"]
[Date "2019.07.23"]
[Round "4.1"]
[White "Hartman, James"]
[Black "Brandsma, Romayn"]
[Result "0-1"]
[WhiteElo "1441"]
[BlackElo "1957"]
[PlyCount "132"]
[EventDate "2019.??.??"]

1. d4 Nf6 2. Nf3 e6 3. Bf4 d5 4. e3 Bd6 5. Bg3 O-O 6. Nbd2 b6 7. Bd3 Bb7 8. c3
Ne4 9. Qc2 f5 10. Ne5 Nxg3 11. hxg3 Bxe5 12. dxe5 Nd7 13. Nf3 Nc5 14. Nd4 Qe7
15. g4 Nxd3+ 16. Qxd3 c5 17. gxf5 cxd4 18. Rxh7 exf5 19. Rh3 Qxe5 20. cxd4 Qe4
21. Qe2 Qxg2 22. Qh5 Qg1+ 23. Kd2 Qxf2+ 24. Kd1 Qf1+ 25. Kd2 Qg2+ 26. Kc3 Rac8+
27. Kb3 Qc2+ 28. Ka3 Rc3+ 29. b3 f4 30. Rg1 Rc7 31. Qh8+ Kf7 32. Rxg7+ Ke8 33.
Qh5+ Kd8 34. Qg5+ Kc8 35. Rh1 Kb8 36. Qe5 fxe3 37. Qd6 Rfc8 38. Rhh7 Qc1+ 39.
Kb4 a5+ 40. Kb5 Qc6+ 41. Qxc6 Bxc6+ 42. Kxb6 Rxg7 43. Rxg7 e2 44. Rg1 Re8 45.
Re1 Bd7 46. Kxa5 Bg4 47. Kb4 Rf8 48. Kc3 Rf1 49. Kd2 Rxe1 50. Kxe1 Kb7 51. b4
Kb6 52. a4 Bd7 53. b5 Bg4 54. Kd2 Ka5 55. Ke1 Kxa4 56. b6 Bc8 57. Kxe2 Kb5 58.
Kd3 Kxb6 59. Kc3 Kb5 60. Kb3 Bh3 61. Kc3 Bf1 62. Kb3 Be2 63. Kc3 Bc4 64. Kc2
Kb4 65. Kd2 Bb5 66. Ke3 Kc3 0-1

[Event "Robinson"]
[Site "?"]
[Date "2019.07.23"]
[Round "4.2"]
[White "Achuthan, Dylan"]
[Black "Connolly Sams, Dietah"]
[Result "1/2-1/2"]
[WhiteElo "1909"]
[BlackElo "1511"]
[PlyCount "23"]
[EventDate "2019.??.??"]

1. e4 e6 2. d4 d5 3. Nc3 Nf6 4. Bg5 Be7 5. e5 Nfd7 6. Bxe7 Qxe7 7. f4 a6 8. Nf3
Nb6 9. a3 c5 10. Be2 Nc6 11. Qd2 Bd7 12. Rd1 1/2-1/2

[Event "Robinson"]
[Site "?"]
[Date "2019.07.23"]
[Round "4.3"]
[White "Maheshwari, Ritvik"]
[Black "Kutchoukov, Daniel"]
[Result "1/2-1/2"]
[WhiteElo "1444"]
[BlackElo "1845"]
[PlyCount "46"]
[EventDate "2019.??.??"]

1. d4 Nf6 2. Nf3 e6 3. Bf4 d5 4. e3 Bd6 5. Bg3 O-O 6. Nbd2 b6 7. c3 Bb7 8. Ne5
Ne4 9. Bd3 f6 10. Nef3 f5 11. Qc2 Qe7 12. Bxe4 fxe4 13. Ne5 Nd7 14. f4 Bxe5 15.
fxe5 a5 16. Rf1 Ba6 17. Rf2 c5 18. Qd1 Bd3 19. a4 Ba6 20. Qb3 Rab8 21. Qd1 Qe8
22. Ra2 Qd8 23. Qg4 Qe7 1/2-1/2

[Event "Robinson"]
[Site "?"]
[Date "2019.07.23"]
[Round "4.4"]
[White "Yeh, Timo"]
[Black "Arcot, Pranav"]
[Result "1-0"]
[WhiteElo "1882"]
[BlackElo "1589"]
[PlyCount "65"]
[EventDate "2019.??.??"]

1. c4 e5 2. Nc3 Bc5 3. Nf3 d6 4. d3 Nf6 5. Bg5 c6 6. a3 Nbd7 7. e3 h6 8. Bh4 a5
9. Be2 O-O 10. Ne4 Rb8 11. d4 g5 12. Nxf6+ Nxf6 13. dxc5 gxh4 14. cxd6 Nd7 15.
Qc2 f5 16. Rd1 e4 17. Nd4 Qe8 18. Rg1 h5 19. h3 c5 20. Nb5 Qe5 21. Qc3 Qxc3+
22. Nxc3 Ne5 23. Rd5 Nd7 24. g4 hxg4 25. hxg4 f4 26. Nxe4 f3 27. Bd3 b6 28.
Rg5+ Kh8 29. Rh1 Rf7 30. Rxh4+ Rh7 31. Rxh7+ Kxh7 32. Nf6+ Kh8 33. Rg8# 1-0

[Event "Robinson"]
[Site "?"]
[Date "2019.07.23"]
[Round "4.5"]
[White "Sandham, Alasdair"]
[Black "Boghossian, Wahe"]
[Result "1/2-1/2"]
[WhiteElo "1378"]
[BlackElo "1732"]
[PlyCount "27"]
[EventDate "2019.??.??"]

1. d4 Nf6 2. Nf3 e6 3. Bf4 d5 4. e3 Bd6 5. Bg3 b6 6. Nbd2 O-O 7. Bd3 Bb7 8. Ne5
Ne4 9. Qh5 f5 10. Ndf3 Nd7 11. Bh4 Ndf6 12. Bxf6 Nxf6 13. Qh3 Qe7 14. Ng5
1/2-1/2

[Event "Robinson"]
[Site "?"]
[Date "2019.07.23"]
[Round "4.7"]
[White "Bottazzi, Ulysse"]
[Black "Balaji, Aaravamudhan"]
[Result "1/2-1/2"]
[WhiteElo "2041"]
[BlackElo "2034"]
[PlyCount "77"]
[EventDate "2019.??.??"]

1. e4 e5 2. Nf3 Nc6 3. Bb5 a6 4. Ba4 Nf6 5. O-O b5 6. Bb3 Be7 7. Re1 O-O 8. a4
Bb7 9. d3 d6 10. Nbd2 h6 11. Nf1 Re8 12. c3 Na5 13. Ba2 Qd7 14. b4 Nc6 15. Ng3
bxa4 16. Qxa4 Nd8 17. Qd1 Ne6 18. Nf5 Bf8 19. h3 c5 20. bxc5 Nxc5 21. Nh2 d5
22. Ng4 Nxg4 23. Qxg4 Kh7 24. exd5 Bxd5 25. Bxd5 Qxd5 26. Ba3 g6 27. d4 Nb3 28.
Bxf8 Rxf8 29. Ne3 Qc6 30. Rad1 exd4 31. cxd4 Rfd8 32. d5 Qd6 33. Nc4 Qf6 34.
Re3 Nc5 35. Rf3 Qg7 36. Qf4 f5 37. d6 Ne4 38. Rfd3 Rac8 39. Ne3 1/2-1/2

[Event "Robinson"]
[Site "?"]
[Date "2019.07.23"]
[Round "4.8"]
[White "Akeya-Price, Robert"]
[Black "Yoon, Jacob D"]
[Result "0-1"]
[WhiteElo "1974"]
[BlackElo "1963"]
[PlyCount "62"]
[EventDate "2019.??.??"]

1. d4 Nf6 2. Nf3 g6 3. g3 Bg7 4. Bg2 O-O 5. c4 d5 6. cxd5 Nxd5 7. O-O Re8 8.
Nc3 Nxc3 9. bxc3 c5 10. Bb2 Nc6 11. e4 Bg4 12. d5 Ne5 13. h3 Nxf3+ 14. Kh1 Nh2
15. hxg4 Nxf1 16. Qxf1 Qa5 17. Qe1 e6 18. Qd2 Rad8 19. f4 exd5 20. exd5 Qb5 21.
Bf1 Qd7 22. Rd1 Qxg4 23. Kg2 Re3 24. Qxe3 Qxd1 25. Bc4 Qc2+ 26. Kf1 Qxb2 27.
Qe7 Qb6 28. d6 Qxd6 29. Qxf7+ Kh8 30. Qg8+ Rxg8 31. Bxg8 Kxg8 0-1

[Event "Robinson"]
[Site "?"]
[Date "2019.07.23"]
[Round "4.9"]
[White "Hasseine, Madiane"]
[Black "Verhille, Elie"]
[Result "1/2-1/2"]
[WhiteElo "1971"]
[BlackElo "1998"]
[PlyCount "54"]
[EventDate "2019.??.??"]

1. e4 c6 2. d3 d5 3. Nd2 e5 4. Ngf3 Bd6 5. g3 f5 6. Bg2 Nf6 7. O-O O-O 8. Re1
Qc7 9. Qe2 fxe4 10. dxe4 Nbd7 11. b3 b6 12. exd5 cxd5 13. c4 Bb7 14. Bb2 Rae8
15. cxd5 Bxd5 16. Ng5 Bxg2 17. Kxg2 Qb7+ 18. Nge4 Bc5 19. Kg1 Bb4 20. Qc4+ Nd5
21. a3 b5 22. Qd3 Nc5 23. Nxc5 Bxc5 24. Ne4 Bb6 25. Rad1 Nf6 26. Nxf6+ Rxf6 27.
Re2 Ref8 1/2-1/2

[Event "Robinson"]
[Site "?"]
[Date "2019.07.23"]
[Round "4.10"]
[White "See, Tristian"]
[Black "Kien, Clovis"]
[Result "1-0"]
[WhiteElo "1957"]
[BlackElo "1675"]
[PlyCount "61"]
[EventDate "2019.??.??"]

1. e4 e6 2. Nf3 d5 3. Nc3 d4 4. Ne2 c5 5. c3 Nf6 6. e5 Nfd7 7. cxd4 cxd4 8.
Nexd4 Nxe5 9. Bb5+ Nec6 10. Nxc6 Nxc6 11. Bxc6+ bxc6 12. O-O Be7 13. d4 Rb8 14.
Qa4 Qb6 15. Bf4 Ra8 16. Ne5 Bb7 17. Rac1 Rc8 18. Be3 Ba6 19. d5 Bb5 20. Qf4 Qb8
21. Qxf7+ Kd8 22. Qxg7 Rf8 23. Nf7+ Ke8 24. dxe6 Bxf1 25. Rxf1 Bd6 26. Nxd6+
Qxd6 27. Bc5 Qxe6 28. Qxf8+ Kd7 29. Rd1+ Kc7 30. Qg7+ Kb8 31. Qxa7# 1-0

[Event "Robinson"]
[Site "?"]
[Date "2019.07.23"]
[Round "4.11"]
[White "Tokplo, Victoria"]
[Black "Bowcott-Terry, Finlay"]
[Result "0-1"]
[WhiteElo "1593"]
[BlackElo "1888"]
[PlyCount "76"]
[EventDate "2019.??.??"]

1. e4 c5 2. Nf3 Nc6 3. d4 cxd4 4. Nxd4 Nf6 5. Nc3 e5 6. Ndb5 d6 7. Bg5 a6 8.
Na3 b5 9. Nd5 Be7 10. Bxf6 Bxf6 11. c3 O-O 12. Be2 Be7 13. O-O Kh8 14. Nc2 f5
15. exf5 Bxf5 16. Nce3 Be6 17. Bf3 Rc8 18. Be4 Qe8 19. Qe2 Bg5 20. a4 Bxe3 21.
Nxe3 Rf4 22. Nd5 Bxd5 23. Bxd5 Ne7 24. Bb7 Rb8 25. Bxa6 bxa4 26. Rfd1 Qc6 27.
Bd3 e4 28. Qd2 Rbf8 29. Bc2 Rxf2 30. Qxf2 Rxf2 31. Kxf2 Qb6+ 32. Kf1 Nf5 33.
Re1 d5 34. Bxa4 g6 35. b4 Ne3+ 36. Ke2 Nxg2 37. Rg1 Nf4+ 38. Kd2 Qf2+ 0-1

[Event "Robinson"]
[Site "?"]
[Date "2019.07.23"]
[Round "4.12"]
[White "Tombolis, Christopher"]
[Black "Lesage, Margot"]
[Result "1/2-1/2"]
[WhiteElo "1883"]
[BlackElo "1520"]
[PlyCount "73"]
[EventDate "2019.??.??"]

1. d4 Nf6 2. c4 c5 3. d5 b5 4. cxb5 a6 5. bxa6 Bxa6 6. Nc3 d6 7. Nf3 g6 8. g3
Bg7 9. e4 Nbd7 10. Qc2 Bxf1 11. Kxf1 O-O 12. Kg2 Qb6 13. Rb1 Rfb8 14. b3 Ra7
15. a4 Rab7 16. Nb5 Ng4 17. h3 Nge5 18. Nxe5 Nxe5 19. Bb2 Rc8 20. f4 Nd7 21.
Bxg7 Kxg7 22. Qc4 Qa5 23. Qc3+ Qxc3 24. Nxc3 Rb4 25. Rhe1 c4 26. bxc4 Rbxc4 27.
Nb5 Rxa4 28. e5 dxe5 29. fxe5 Ra2+ 30. Kf3 Rd2 31. d6 exd6 32. exd6 Rd3+ 33.
Ke4 Nc5+ 34. Kf4 Ne6+ 35. Ke4 Nc5+ 36. Kf4 Ne6+ 37. Ke4 1/2-1/2

[Event "Robinson"]
[Site "?"]
[Date "2019.07.23"]
[Round "4.13"]
[White "Sivarajasingam, Venetia"]
[Black "Kirby, Con"]
[Result "1/2-1/2"]
[WhiteElo "1745"]
[BlackElo "1597"]
[PlyCount "93"]
[EventDate "2019.??.??"]

1. e4 c5 2. Nf3 d6 3. Bb5+ Bd7 4. Bxd7+ Qxd7 5. c4 Nc6 6. Nc3 Nf6 7. d4 cxd4 8.
Nxd4 e6 9. O-O Be7 10. Be3 O-O 11. f3 Rfd8 12. Qd2 d5 13. cxd5 exd5 14. Nxc6
bxc6 15. Rfd1 Qb7 16. Qc2 Bb4 17. Bg5 Bxc3 18. Qxc3 dxe4 19. Bxf6 gxf6 20. fxe4
Qb6+ 21. Kh1 c5 22. Rf1 Rd4 23. Rf4 Rad8 24. Raf1 Qd6 25. h3 Rd3 26. Qc4 Rd1
27. Rxd1 Qxd1+ 28. Rf1 Qd4 29. Qe2 Qd2 30. Qg4+ Qg5 31. Qxg5+ fxg5 32. Rf5 c4
33. Rxg5+ Kf8 34. Rc5 Rd4 35. Rc7 Rxe4 36. Rxa7 Re1+ 37. Kh2 Rb1 38. Rc7 Rxb2
39. Rxc4 Rxa2 40. Kg3 Kg7 41. h4 Kg6 42. Rc5 Ra3+ 43. Kg4 Ra4+ 44. Kh3 Ra3+ 45.
g3 h5 46. Rc6+ f6 47. Rc8 1/2-1/2

[Event "Robinson"]
[Site "?"]
[Date "2019.07.23"]
[Round "4.14"]
[White "Murray, Benjamin"]
[Black "Smith, Madeleine"]
[Result "1-0"]
[WhiteElo "1661"]
[BlackElo "1104"]
[PlyCount "143"]
[EventDate "2019.??.??"]

1. e4 e5 2. Nf3 Nc6 3. Bc4 Nf6 4. d3 d5 5. exd5 Nxd5 6. O-O Bc5 7. c3 Bg4 8.
Nbd2 O-O 9. Ne4 Bb6 10. Re1 Re8 11. Ng3 f6 12. h3 Be6 13. d4 Bf7 14. dxe5 Nxe5
15. Nxe5 fxe5 16. Ne4 c6 17. Bg5 Qd7 18. Bd3 Kh8 19. Bc2 Qe6 20. Qd2 Bg6 21.
Bh4 Bxe4 22. Rxe4 Nf6 23. Ree1 Rad8 24. Qe2 Rd7 25. Qf3 Rd2 26. Bb3 Qe7 27.
Rad1 Red8 28. Rxd2 Rxd2 29. Qf5 Bc7 30. Qc8+ Bd8 31. Qf5 Bc7 32. Rd1 Rxd1+ 33.
Bxd1 Bb6 34. Qc8+ Qd8 35. Qxd8+ Bxd8 36. Bg3 e4 37. Kf1 Bb6 38. Bc2 Kg8 39. Be5
e3 40. fxe3 Bxe3 41. Ke2 Bb6 42. c4 Kf8 43. Bxf6 gxf6 44. Bxh7 Kg7 45. Bf5 Bd4
46. b3 Kh6 47. Kd3 Be5 48. c5 Kg5 49. Bc8 b6 50. b4 Bb2 51. Bb7 bxc5 52. bxc5
Bc1 53. Bxc6 Bf4 54. Bf3 Kf5 55. Kc4 Ke6 56. Kb5 Kd7 57. Ka6 Be3 58. c6+ Kc7
59. h4 Kb8 60. h5 f5 61. a4 Kc7 62. Kb5 Kb8 63. Kc4 Kc7 64. Kd5 Bh6 65. Ke5 f4
66. Kf6 Kb6 67. Kg6 Bf8 68. h6 Bd6 69. h7 Be5 70. Kf5 Bd4 71. Kxf4 Kc7 72. g4
1-0

[Event "Robinson"]
[Site "?"]
[Date "2019.07.23"]
[Round "4.15"]
[White "Smith, Ellison"]
[Black "Collins, Adam"]
[Result "0-1"]
[WhiteElo "1272"]
[BlackElo "1579"]
[PlyCount "48"]
[EventDate "2019.??.??"]

1. e4 c5 2. c3 d5 3. exd5 Qxd5 4. d4 Nf6 5. Nf3 Bg4 6. Be2 e6 7. O-O Nc6 8. Be3
cxd4 9. Bxd4 O-O-O 10. Bxf6 gxf6 11. Qxd5 Rxd5 12. Rd1 Rf5 13. h3 Bxf3 14. Bxf3
Ne5 15. Nd2 Rg8 16. Kf1 Bh6 17. Ne4 Kc7 18. Ng3 Rf4 19. Be4 Rxg3 20. Bxh7 f5
21. Rd4 Rg7 22. Rxf4 Bxf4 23. Re1 Nc6 24. g3 Bd6 0-1

[Event "Robinson"]
[Site "?"]
[Date "2019.07.23"]
[Round "4.16"]
[White "Avetisyan, Gagik"]
[Black "Stevenson, Neil"]
[Result "1-0"]
[WhiteElo "1535"]
[BlackElo "1098"]
[PlyCount "49"]
[EventDate "2019.??.??"]

1. Nf3 f5 2. d4 e6 3. c4 Nf6 4. g3 Bb4+ 5. Bd2 Bxd2+ 6. Nbxd2 O-O 7. Bg2 Qe8 8.
e3 d6 9. Qc2 e5 10. dxe5 dxe5 11. c5 Nc6 12. Ng5 Qh5 13. h4 f4 14. Bf3 Qe8 15.
Bd5+ Kh8 16. a3 fxe3 17. fxe3 h6 18. O-O-O hxg5 19. hxg5+ Nh5 20. g6 Bg4 21.
Rxh5+ Bxh5 22. Rh1 Rf7 23. Rxh5+ Kg8 24. gxf7+ Qxf7 25. Bxf7+ 1-0

[Event "Robinson"]
[Site "?"]
[Date "2019.07.24"]
[Round "5.1"]
[White "Kirby, Con"]
[Black "Hartman, James"]
[Result "1/2-1/2"]
[WhiteElo "1597"]
[BlackElo "1441"]
[PlyCount "106"]
[EventDate "2019.??.??"]

1. e4 e6 2. d4 d5 3. Nc3 Nf6 4. e5 Nfd7 5. f4 c5 6. Nf3 Nc6 7. Be3 a6 8. Bd3 b5
9. Qd2 Qb6 10. dxc5 Bxc5 11. Bxc5 Nxc5 12. Ne2 b4 13. Ned4 Nxd4 14. Nxd4 Bd7
15. Qe3 Nxd3+ 16. Qxd3 Bb5 17. Nxb5 Qxb5 18. Qxb5+ axb5 19. Kd2 Kd7 20. Rhf1
Ra7 21. Rf3 Rha8 22. Rb3 Rxa2 23. Rxa2 Rxa2 24. Rxb4 Kc6 25. Rb3 Ra4 26. Rf3
Re4 27. Rc3+ Kd7 28. g3 Rd4+ 29. Ke2 Rc4 30. Kd2 Rd4+ 31. Rd3 Ra4 32. Rb3 b4
33. Kd3 Kc7 34. Kd4 Kc6 35. g4 f6 36. f5 exf5 37. gxf5 fxe5+ 38. Kxe5 Kc5 39.
Rd3 Ra2 40. Rxd5+ Kc6 41. Rd6+ Kc5 42. Rd5+ Kc6 43. Rd6+ Kc5 44. Rd7 Rxb2 45.
Rxg7 Kb6 46. Rxh7 Rxc2 47. Kd4 b3 48. Rh3 b2 49. Rb3+ Kc6 50. Kd3 Rxh2 51. Kc3
Rh3+ 52. Kxb2 Rxb3+ 53. Kxb3 Kd5 1/2-1/2

[Event "Robinson"]
[Site "?"]
[Date "2019.07.24"]
[Round "5.2"]
[White "Connolly Sams, Dietah"]
[Black "Murray, Benjamin"]
[Result "1-0"]
[WhiteElo "1511"]
[BlackElo "1661"]
[PlyCount "115"]
[EventDate "2019.??.??"]

1. d4 d5 2. c4 e6 3. Nc3 Nf6 4. cxd5 exd5 5. Bg5 Nbd7 6. Nf3 Be7 7. e3 O-O 8.
Bd3 c6 9. h3 Re8 10. Qc2 Ne4 11. Bf4 Ndf6 12. O-O Bf8 13. Rab1 b6 14. Rfd1 Bb7
15. b4 Bd6 16. Bxd6 Nxd6 17. Ne5 Rc8 18. Qe2 Qe7 19. Rbc1 Nde4 20. Nxe4 dxe4
21. Bc4 Nd5 22. b5 c5 23. Nc6 Bxc6 24. bxc6 Nf6 25. dxc5 bxc5 26. Bb5 Red8 27.
Rxd8+ Rxd8 28. Ba4 Rb8 29. Qc2 Nd5 30. Qxc5 Rb1 31. Qc2 Rxc1+ 32. Qxc1 g6 33.
Qc4 Nb6 34. c7 Nc8 35. Bc2 Qe8 36. Bxe4 Nd6 37. Qc6 Qe6 38. Bd5 Qe7 39. c8=Q+
Nxc8 40. Qxc8+ Kg7 41. Qc3+ Kg8 42. Qa5 Qf6 43. Bb3 Qa1+ 44. Kh2 Qf6 45. Qxa7
Qxf2 46. Qxf7+ Qxf7 47. Bxf7+ Kg7 48. Bd5 g5 49. a4 g4 50. hxg4 h5 51. gxh5 Kh6
52. a5 Kg5 53. a6 Kh4 54. a7 Kg4 55. a8=Q Kh4 56. Qa4+ Kg5 57. Qf4+ Kxh5 58.
Bf7# 1-0

[Event "Robinson"]
[Site "?"]
[Date "2019.07.24"]
[Round "5.3"]
[White "Collins, Adam"]
[Black "Maheshwari, Ritvik"]
[Result "1-0"]
[WhiteElo "1579"]
[BlackElo "1444"]
[PlyCount "103"]
[EventDate "2019.??.??"]

1. e4 e6 2. Nf3 d5 3. Nc3 Nf6 4. e5 Nfd7 5. d4 Be7 6. Be3 c5 7. dxc5 Nxc5 8.
Qd2 a6 9. Bxc5 Bxc5 10. Bd3 Nc6 11. a3 b5 12. O-O h6 13. Ne2 Bb7 14. Ng3 O-O
15. Nh5 Nd4 16. Nf6+ Kh8 17. Kh1 Nxf3 18. gxf3 d4 19. Qf4 Be7 20. Nh5 Bg5 21.
Qg3 g6 22. Nf4 Bxf4 23. Qxf4 Qg5 24. Qxg5 hxg5 25. Be4 Bxe4 26. fxe4 Rac8 27.
Rac1 Kg7 28. Rfd1 Rfd8 29. Rd2 Rc7 30. c3 Rcd7 31. Rcd1 d3 32. Kg2 f6 33. exf6+
Kxf6 34. Kf3 Rh8 35. Kg3 Rhd8 36. Kf3 Rh8 37. Rxd3 Rh3+ 38. Ke2 Rhxd3 39. Rxd3
Ra7 40. Rd8 Rc7 41. Rd6 Ra7 42. Rb6 Ke5 43. Ke3 Ra8 44. Rb7 g4 45. Rd7 Rc8 46.
Rg7 Kf6 47. Ra7 Rc6 48. Kf4 e5+ 49. Kxg4 Rd6 50. f4 exf4 51. Kxf4 Rd2 52. Rxa6+
1-0

[Event "Robinson"]
[Site "?"]
[Date "2019.07.24"]
[Round "5.4"]
[White "Arcot, Pranav"]
[Black "Avetisyan, Gagik"]
[Result "0-1"]
[WhiteElo "1589"]
[BlackElo "1535"]
[PlyCount "80"]
[EventDate "2019.??.??"]

1. e4 e6 2. d4 d5 3. exd5 exd5 4. Bd3 Bd6 5. Nf3 Ne7 6. c3 Nbc6 7. Be3 Bg4 8.
Nbd2 Qd7 9. h3 Bf5 10. Qe2 Bxd3 11. Qxd3 f6 12. Nb3 Ng6 13. Qe2 O-O-O 14. O-O
Qe7 15. Rfe1 Rde8 16. Qd3 Qf7 17. a4 Nge7 18. Nbd2 g5 19. Nh2 h5 20. b4 g4 21.
h4 Reg8 22. g3 f5 23. Bg5 f4 24. b5 Na5 25. Bxe7 Bxe7 26. Nhf1 Rf8 27. Re2 Rh6
28. Rae1 Bd6 29. Nb1 Rf6 30. Nbd2 b6 31. Qc2 Nc4 32. Nxc4 dxc4 33. Qe4 Kb8 34.
Qc6 Be5 35. Qe4 fxg3 36. Nxg3 Bxg3 37. fxg3 Rf1+ 38. Rxf1 Qxf1+ 39. Kh2 Qh3+
40. Kg1 Rf1# 0-1

[Event "Robinson"]
[Site "?"]
[Date "2019.07.24"]
[Round "5.7"]
[White "Balaji, Aaravamudhan"]
[Black "Sivarajasingam, Venetia"]
[Result "1-0"]
[WhiteElo "2034"]
[BlackElo "1745"]
[PlyCount "95"]
[EventDate "2019.??.??"]

1. d4 d5 2. c4 e6 3. Nc3 Be7 4. cxd5 exd5 5. Bf4 Nf6 6. e3 c6 7. Bd3 O-O 8. h3
Nbd7 9. Qc2 Re8 10. O-O-O Qa5 11. Kb1 c5 12. g4 c4 13. Be2 Nf8 14. g5 N6d7 15.
Bf3 Nb6 16. Bc7 Be6 17. e4 dxe4 18. Bxe4 Rac8 19. Bxb6 Qxb6 20. f4 Bb4 21. Nge2
Qc7 22. f5 Bd7 23. Nd5 Qd6 24. Nxb4 Qxb4 25. Nc3 b5 26. f6 Be6 27. fxg7 Kxg7
28. d5 Bd7 29. Rdf1 Qe7 30. d6 Qe5 31. Qf2 Be6 32. Qf6+ Qxf6 33. gxf6+ Kh8 34.
Nxb5 Bd7 35. Nc3 Bc6 36. Re1 Bxe4+ 37. Rxe4 Rxe4 38. Nxe4 Nd7 39. Rc1 Ne5 40.
Rc3 Kg8 41. Ra3 h6 42. Rxa7 Re8 43. Nc5 Rd8 44. Re7 Nc6 45. Rd7 Kf8 46. Rxd8+
Nxd8 47. d7 Kg8 48. a4 1-0

[Event "Robinson"]
[Site "?"]
[Date "2019.07.24"]
[Round "5.8"]
[White "Smith, Madeleine"]
[Black "Akeya-Price, Robert"]
[Result "0-1"]
[WhiteElo "1104"]
[BlackElo "1974"]
[PlyCount "130"]
[EventDate "2019.??.??"]

1. e4 c6 2. d4 d5 3. exd5 cxd5 4. Bd3 Nc6 5. c3 Nf6 6. Bf4 Bg4 7. Qc2 Rc8 8.
Ne2 e6 9. O-O Bd6 10. Bg3 a6 11. a3 O-O 12. f3 Bh5 13. Qd1 Qc7 14. Nd2 Na5 15.
Rc1 b5 16. Bb1 Rb8 17. b4 Nc4 18. Nxc4 dxc4 19. Qd2 Nd5 20. Bxd6 Qxd6 21. Ng3
Bg6 22. Bxg6 hxg6 23. Ne4 Qf4 24. Qf2 Qe3 25. Nc5 Ra8 26. Qxe3 Nxe3 27. Rfe1
Nd5 28. g3 a5 29. Nb7 axb4 30. axb4 Ra3 31. Nd6 Rb8 32. Ne4 Rba8 33. Rc2 Rb3
34. Kf2 Raa3 35. Rec1 f5 36. Nc5 Rxc3 37. Rxc3 Rxc3 38. Rxc3 Nxc3 39. Nxe6 Nd5
40. Ke2 Kf7 41. Nc5 Nxb4 42. Kd2 Nd5 43. Kc2 Ke7 44. Kb2 Kd6 45. Kc1 Nb4 46.
Kd2 Kd5 47. Kc3 Nc6 48. Na6 b4+ 49. Kb2 Kxd4 50. g4 c3+ 51. Kb1 b3 52. gxf5
gxf5 53. h4 Ne5 54. Nb4 Kc4 55. Nc2 bxc2+ 56. Kxc2 Nxf3 57. h5 Nd4+ 58. Kc1 f4
59. h6 gxh6 60. Kb1 f3 61. Kc1 f2 62. Kb1 f1=Q+ 63. Ka2 Qe2+ 64. Ka3 Qb2+ 65.
Ka4 Qa2# 0-1

[Event "Robinson"]
[Site "?"]
[Date "2019.07.24"]
[Round "5.9"]
[White "Yoon, Jacob D"]
[Black "Smith, Ellison"]
[Result "1-0"]
[WhiteElo "1963"]
[BlackElo "1272"]
[PlyCount "79"]
[EventDate "2019.??.??"]

1. d4 d5 2. Nc3 e6 3. e4 Bb4 4. e5 c5 5. a3 Bxc3+ 6. bxc3 Ne7 7. Bd3 Nbc6 8.
Nf3 Qc7 9. O-O Bd7 10. Rb1 Rc8 11. Re1 c4 12. Bf1 a6 13. Ng5 h6 14. Nh3 Ng6 15.
Qg4 Nce7 16. Kh1 Rb8 17. f4 Qd8 18. Qf3 Nf5 19. g4 Nfh4 20. Qf2 h5 21. f5 exf5
22. gxf5 Bxf5 23. Bg5 Qd7 24. e6 Bxe6 25. Bxh4 Kf8 26. Nf4 Nxf4 27. Qxf4 Re8
28. Bg2 Rh6 29. Re3 f6 30. Rg3 Qf7 31. Rf1 Rg6 32. Qd6+ Kg8 33. Rxg6 Qxg6 34.
Re1 Qg4 35. Bxd5 Qxh4 36. Rxe6 Rxe6 37. Qxe6+ Kh7 38. Qe4+ Qxe4+ 39. Bxe4+ Kh6
40. d5 1-0

[Event "Robinson"]
[Site "?"]
[Date "2019.07.24"]
[Round "5.10"]
[White "Stevenson, Neil"]
[Black "See, Tristian"]
[Result "0-1"]
[WhiteElo "1098"]
[BlackElo "1957"]
[PlyCount "84"]
[EventDate "2019.??.??"]

1. e4 c5 2. c3 Nc6 3. d4 cxd4 4. cxd4 Nf6 5. Nc3 d6 6. Bb5 Bd7 7. Nf3 a6 8. Bd3
e6 9. O-O Qb6 10. d5 Ne5 11. Nxe5 dxe5 12. Re1 Bc5 13. Be3 Bxe3 14. Rxe3 Qxb2
15. Be2 Qb6 16. Rb1 Qa7 17. Qb3 b5 18. Qb4 h5 19. Rg3 Qd4 20. Rd3 Qxb4 21. Rxb4
O-O 22. h3 a5 23. Rb1 b4 24. Nd1 exd5 25. exd5 Bf5 26. Rbb3 Bxd3 27. Rxd3 Rac8
28. Ne3 Rc3 29. Rxc3 bxc3 30. Bd1 Rb8 31. Bc2 Rb4 32. d6 g6 33. a3 Rd4 34. Nd1
Rd2 35. Ne3 Rxd6 36. Nc4 Rd5 37. f3 Rd4 38. Ne3 Nd5 39. Nxd5 Rxd5 40. Kf1 Rd2
41. Be4 c2 42. Bxc2 Rxc2 0-1